Instructors manual economics and the Canadian economy/ (Record no. 9343)

MARC details
000 -LEADER
fixed length control field 00504nam a22001817a 4500
003 - CONTROL NUMBER IDENTIFIER
control field OSt
005 - DATE AND TIME OF LATEST TRANSACTION
control field 20240829104428.0
008 - FIXED-LENGTH DATA ELEMENTS--GENERAL INFORMATION
fixed length control field 240829b |||||||| |||| 00| 0 eng d
020 ## - INTERNATIONAL STANDARD BOOK NUMBER
International Standard Book Number 0393965228
040 ## - CATALOGING SOURCE
Transcribing agency MUST
082 ## - DEWEY DECIMAL CLASSIFICATION NUMBER
Classification number 330 BOA 1994
100 ## - MAIN ENTRY--PERSONAL NAME
Personal name Boadway, Robin W
9 (RLIN) 19088
245 ## - TITLE STATEMENT
Title Instructors manual economics and the Canadian economy/
Statement of responsibility, etc. Robin W. Boadway
260 ## - PUBLICATION, DISTRIBUTION, ETC. (IMPRINT)
Place of publication, distribution, etc. New York:
Name of publisher, distributor, etc. W.W Norton & Company
Date of publication, distribution, etc. 1994
300 ## - PHYSICAL DESCRIPTION
Extent vii,492p.
Other physical details ill.
Dimensions 28cm
650 ## - SUBJECT ADDED ENTRY--TOPICAL TERM
Source of heading or term Economics
942 ## - ADDED ENTRY ELEMENTS (KOHA)
Source of classification or shelving scheme Dewey Decimal Classification
Koha item type Open Shelf
Holdings
Withdrawn status Lost status Source of classification or shelving scheme Damaged status Not for loan Home library Current library Date acquired Source of acquisition Inventory number Total Checkouts Full call number Barcode Date last seen Price effective from Koha item type
    Dewey Decimal Classification     MUST Main Library MUST Main Library 29/08/2024 Purchase 05/24197   330 BOA 1994 2024-22296 29/08/2024 29/08/2024 Open Shelf